000 00869nas a2200265 4500
001 BR8200309
003 BR-BrBNA
005 20231205084951.0
007 ta
008 230509b bl.|||p| |||| 00| 00por d
040 _aBR-BrBNA
_bpor
_cBiblioteca Nacional de Agricultura
041 _a(Pt)
072 _aF25
100 1 _aBruno, M.A.C.
100 1 _aCekinski, E.
245 1 _aUso de rocha fosfatada nacional umida na fabricacao de superfosfato simples [Fertilizante fosfatado]
246 1 _a[Phosphated national wet rock used in making simple supersphosphate]
650 _aFertilizante
650 _aFertilizante fosfatado
650 _aSuperfosfato simples
650 _aAnalise quimica
773 0 _tFertilizantes (Brazil)
_xISSN 0100-6274
_g(Oct 1981), v. 3(2) p. 5-7
_wBR8200309
909 _a202311
_bLúcia
_c55
_dLúcia Elande
942 _2AGRIS
_n0
_cANA
999 _c108429
_d108429